| 000 | nam a22 a 4500 | ||
|---|---|---|---|
| 999 |
_c2014 _d2014 |
||
| 003 | AKMAL | ||
| 005 | 20170512163204.0 | ||
| 008 | 170512s1983 -us 00 eng d | ||
| 020 | _a0865315702x | ||
| 040 |
_aAKMAL _cAKMAL |
||
| 082 | 0 | 4 | _a355.033073 BRO |
| 090 |
_a355.033073 _bBRO |
||
| 100 | 1 |
_aBrown, Harold, _d1927- _94173 |
|
| 245 | 1 |
_aThinking about national security : _bdefense and foreign policy in a dangerous world / _cHarold Brown |
|
| 260 |
_aBoulder, Colo. : _bWestview Press, _c1983 |
||
| 300 |
_axvi, 288p. ; _c24cm. |
||
| 651 |
_aUnited States _xNational security _94174 |
||
| 942 |
_2ddc _cBOOK |
||